Регионална библиотека "Любен Каравелов" - Русе

Българското възраждане във Варна и Варненско (Запис номер 342147)

MARC детайли
000 -Лидер
Контролно поле с фиксирана дължина 01090nam a2200277 c 4500
003 - Код на организацията, давaща контролен номер
Контролно поле BLK
005 - Дата и час на последна редакция
Контролно поле 20230404144425.0
008 - Елементи от данни с фиксирана дължина
fixed length control field 180911b bul|||||r ||||||| ||bul||
040 ## - Източник на каталожния запис
Идентификатор на билиотеката - собственик на записа BLK
041 ## - Код за език
Код за езика на текст/звукозапис или на отделно заглавие Български
Код за езика КДБФ Български
080 ## - УДК
Текстов определител УДК Краезнание
УДК код - определител по УДК 908
УДК - код + определител 908(497.211)
100 ## - Редна дума - Автор
Автор Ников, Петър
Авторска отговорност първи автор
R(LIN) 287432
Автор - информация (биография) Попов, Петър Ников
245 00 - Сведения за заглавието
Заглавие Българското възраждане във Варна и Варненско
Подзаглавни данни Митрополит Йоаким и неговата кореспонденция
Редно поле (дума) Петър Ников
246 ## - Различни форми на заглавието
Паралелно заглавие La Renaissance Bulgare a Varna et ses environs
260 ## - Област на издателските данни
Място на издаване, разпространение и проч. София
Име на издателя, разпространителя и проч. БАН
Година на издаване 1934
Печатница Придворна печ.
300 ## - Физическа характеристика
Страници XIX, 494 с., 1 л. : факс., 1 л
Илюстрации и др. портр
Размери/Мащаб 23 см
380 ## - Жанр
Жанр История
490 ## - СЕРИИ (Колекции)
Име на серия Частна колекция - Академик Михаил Арнаудов
Бележки за серията Дарение - Основен фонд
500 ## - Общи забележки
Забележка Михаил Арнаудов: негови-книга . - Подчертавания в текста.
500 ## - Общи забележки
Забележка Писмата на митроп. Йоаким до гр. патриаршия се дадени на гр. ез. с парал. прев. на бълг. ез
600 #0 - Име на лице, използвано като предмет
9 (RLIN) 464647
За него / За нея Йоаким, митрополит
655 ## - Ключова дума – жанр/разновидност
Данни за жанр/разновидност или ключова дума за фокус българска история
852 ## - Местоположение
Форматна сигнатура МА 200
Фондова буква Фонд "Михаил Арнаудов"
852 ## - Местоположение
Форматна сигнатура Цб 9.235.7085
Фондова буква Основен фонд - ползва се само за читалня
856 ## - Електронен адрес и достъп
Инструкция (цена за достъп) 0.00
Права за достъп disable
999 ## - СИСТЕМНИ КОНТРОЛНИ НОМЕРА
Koha biblionumber 342147
Koha biblioitemnumber 342147
942 ## - АРТИКУЛИ
Вид на библиотечния материал Книги
Скрит в OPAC Не
Периодичен библиозапис Да
944 ## - СЪЗДАВАНЕ И РЕДАКЦИЯ на ЗАПИСА
Създаване/Редакция Създаване
Дата на регистрацията/редакция 1995
Служител, извършил регистрацията/редакцията ValK
944 ## - СЪЗДАВАНЕ И РЕДАКЦИЯ на ЗАПИСА
Създаване/Редакция Редакция
Дата на регистрацията/редакция 2021-09-16
Служител, извършил регистрацията/редакцията ВП
999 ## - СИСТЕМНИ КОНТРОЛНИ НОМЕРА
Koha biblioitemnumber 342147
999 ## - СИСТЕМНИ КОНТРОЛНИ НОМЕРА
Koha biblioitemnumber 342147
999 ## - СИСТЕМНИ КОНТРОЛНИ НОМЕРА
Koha biblioitemnumber 342147
Наличности
Код за отписване Код за изгубен артикул Източник на класификационната схема Код за повреда Коз за рестрикции Код за отдаване Артикулен № Име на библиотеката - собственик Име на библиотеката, в която се намира в момента Статус (Текущо местоположение) Местоположение - отдел Цена в лева Номерация (Хронология) Инвентарен номер Систематично азбучна сигнатура Баркод Номер на екземпляра Цена в евро Служебен тип на артикула Бележка за публиката Дата на вписване в системата
  Не е изгубен Universal Decimal Classification Не е повреден без рестрикции Специални фондове ( старопечатни, редки и ценни, фонд М. Арнаудов) 742193 Регионална библиотека "Любен Каравелов" Русе Регионална библиотека "Любен Каравелов" Русе Фонд "Михаил Арнаудов" Фонд "Михаил Арнаудов" 9.50   319906 МА 200 120000319906 1 4.86 Книги ; Подчертавания в текста.;  
  Не е изгубен Universal Decimal Classification Не е повреден само за читалня ползва се в читалня 853382 Регионална библиотека "Любен Каравелов" Русе Регионална библиотека "Любен Каравелов" Русе Хранилище Основен фонд - ползва се само за читалня 0.39   7085 Цб 9.235.7085 900000078694   0.20 Книги   2021-09-20
Vip Innovations Ltd, Rousse, Bulgaria 2025